| 000 | 00863cam a2200277 4500 | ||
|---|---|---|---|
| 001 | 3615153 | ||
| 003 | OSt | ||
| 005 | 20250901165623.0 | ||
| 008 | 731106s1973 ncu j 000 1 eng | ||
| 010 | _a 73077900 | ||
| 020 | _a0910244707 | ||
| 040 |
_aDLC _cDLC _dDLC |
||
| 042 | _alcac | ||
| 050 | 0 | 0 |
_aPZ 7 .H1965 Cas 1973 _bCas |
| 082 | 0 | 0 | _a[Fic] |
| 100 | 1 | _aHanna, Mary Carr. | |
| 245 | 1 | 0 | _aCassie & Ike. |
| 260 |
_aWinston-Salem, N.C., _bJ. F. Blair _c[1973] |
||
| 300 |
_a207 p. _c23 cm. |
||
| 350 | _a$6.95 | ||
| 520 | _aEducated far more than any other girl in the pioneer Indiana settlement, a young Quaker finds it difficult to adjust to her husband's family who find her worldly. | ||
| 650 | 1 |
_aFrontier and pioneer life _xFiction. |
|
| 650 | 1 |
_aQuakers _xFiction. |
|
| 906 |
_a7 _bcbc _corignew _d2 _eopcn _f19 _gy-gencatlg |
||
| 942 |
_2lcc _cBK |
||
| 999 |
_c6794 _d6794 |
||